00506nam a22001457a 450000500170000002000270001703500130004403700260005708200080008324501040009126000340019527000690022930000320029849000300033020170427115338.0 a9789383454938c1495.00 aB-665224 bAsian Book Centre/Ven a000 aGeneral studies (paper-1): bfor civil services main examination 2017/cby Majid Husain...[et...a.] aNew Delhi bAccess Pub.c2017 aH.No.8, Nagin Lake Apartment, Paschim Vihar,bNew Delhi e110087 avarious pagings c25cm(pbk) aCATAPULT test prep series